000 00633cam a2200217 4500500
005 20260405002000.0
041 _afre
042 _adc
100 1 0 _aPersonne, Thomas
_eauthor
245 0 0 _aMatière à penser / mai 2015
260 _c2015.
500 _a25
690 _aDésincarnation
690 _aElizabeth Warren
690 _aJacques Attali
690 _aNourriture
690 _aSlavoj Žižek
690 _aTwitter
786 0 _nPhilosophie magazine | 89 | 5 | 2015-05-01 | p. 4-5 | 1951-1787
856 4 1 _uhttps://shs.cairn.info/magazine-philosophie-magazine-2015-5-page-4?lang=fr&redirect-ssocas=7080
999 _c2052989
_d2052989